Loading...
Personnel management : principles, practices and a point of view
| Main Author: | |
|---|---|
| Format: | Printed Book |
| Language: | Undetermined |
| Published: |
Tata mcgraw-hill publishing company ltd
|
| LEADER | 00540nam a2200133Ia 4500 | ||
|---|---|---|---|
| 008 | 161229s9999 xx 000 0 und d | ||
| 082 | |a 658.3 SCO/PE | ||
| 100 | |a Scott, Walter Dill | ||
| 245 | |a Personnel management : principles, practices and a point of view | ||
| 260 | |b Tata mcgraw-hill publishing company ltd | ||
| 300 | |a 623 | ||
| 942 | |c BK | ||
| 999 | |c 153431 |d 153431 | ||
| 952 | |0 0 |1 0 |4 0 |6 658_300000000000000_SCOPE |7 0 |9 152502 |a KAUCLV |b KAUCLV |d 2016-12-29 |o 658.3 SCO/PE |p 904740 |r 2016-12-29 |w 2016-12-29 |y BK |z Book transferred from CCBM Library ,Acc.No:3042 | ||